Sports Quiz

Random Sports or Hockey Quiz

Chicago Blackhawks Vowelless Retired Numbers Quiz Stats

 Plays Quiz not verified by Sporcle

Support Sporcle.
Go Orange.
Score 0/8 Timer 04:00
0 Plays Today
Hint Name % Correct
Wn GrtzkWayne Gretzky
99%
Glnn HllGlenn Hall
95%
Bbb HllBobby Hull
94.1%
Stn MktStan Mikita
92.1%
Dns SvrdDenis Savard
92.1%
Tn SpstTony Esposito
75.2%
Kth MgnsnKeith Magnuson
67.3%
Prr PltPierre Pilote
63.4%

You're not logged in!

Compare scores with friends on all Sporcle quizzes.
OR
Log In

From the Vault

Stanley Kubrick Movies

by Derek

Stanley Kubrick only directed 13 movies, but every single one of them are amazing.
Remove Ads.
Support Sporcle.
Get the best of Sporcle when you Go Orange. This ad-free experience offers more features, more stats, and more fun while also helping to support Sporcle. Thank you for becoming a member.

Show Comments

Extras

Top Quizzes Today


Score Distribution

Your Account Isn't Verified!

In order to create a playlist on Sporcle, you need to verify the email address you used during registration. Go to your Sporcle Settings to finish the process.

Report this User

Report this user for behavior that violates our Community Guidelines.

Details: